Športová hala

Uložené v:
Podrobná bibliografia
Hlavný autor: Miček, Adam (Autor)
Ďalší autori: Jamnický, Martin (Vedúci práce)
Médium: Rukopis Kniha
Jazyk:Slovak
Vydavateľské údaje: 2025
Predmet:
On-line prístup:http://is.stuba.sk/zp/portal_zp.pl?podrobnosti=184878
CRZP
Tagy: Pridať tag
Žiadne tagy, Buďte prvý, kto otaguje tento záznam!

MARC

LEADER 00000ntm a22000003a 4500
001 stuzp105088
003 SK-STU
005 20250729141112.3
007 ta
008 150427s2015----xo-----f-mn---000-0-slo-d
040 |a STU  |b slo 
041 0 |a slo 
100 1 |a Miček, Adam  |u 010180  |4 aut  |U SvF Stavebná fakulta  |T SvF Katedra konštrukcií pozemných stavieb  |X 103619  |U V180  |Y 18  |7 103619 
242 0 1 |a Sports hall  |y eng 
245 1 0 |a Športová hala 
260 |c 2025 
650 4 |a New Building  |2 eng 
650 4 |a Sport hall  |2 eng 
650 4 |a Construction Project  |2 eng 
650 4 |a Šurany  |2 eng 
650 4 |a Novostavba  |2 slo 
650 4 |a Realizačný projekt  |2 slo 
650 4 |a Hala  |2 slo 
650 4 |a Šport  |2 slo 
700 1 |a Jamnický, Martin  |u 010180  |k Z1  |4 ths  |U SvF Stavebná fakulta  |T SvF Katedra konštrukcií pozemných stavieb  |X 4052  |U V180  |Y 18  |7 A000004052 
856 4 |u http://is.stuba.sk/zp/portal_zp.pl?podrobnosti=184878 
856 4 |u https://opac.crzp.sk/?fn=detailBiblioForm&sid=226A7A544DA3649F665738E9F6D0  |z CRZP